[Event "La Roda op 49th"]
[Site "La Roda"]
[Date "2023.04.06"]
[Round "3"]
[White "Iniyan, Panneerseluam"]
[Black "Garcia Garcia, Adrian Antonio"]
[Result "1-0"]
[WhiteElo "2515"]
[BlackElo "2194"]
[PlyCount "57"]
[EventDate "2023.04.05"]
[EventType "swiss"]
[EventRounds "9"]
[EventCountry "ESP"]
[SourceTitle "CBM 213 Extra"]
[Source "ChessBase"]
[SourceDate "2023.05.31"]
[SourceVersion "1"]
[SourceVersionDate "2023.05.31"]
[SourceQuality "1"]

1. d4 Nf6 2. c4 g6 3. Nc3 Bg7 4. e4 d6 5. h3 Nc6 6. Be3 e5 7. d5 Ne7 8. Nge2 b6 9. Qd2 a5 10. b3 Nd7 11. g4 Nc5 12. Ng3 h6 13. Be2 Bd7 14. Rb1 Qc8 15. Bd1 f5 16. exf5 gxf5 17. Nh5 Bf8 18. Rg1 f4 19. Bxc5 bxc5 20. Bc2 Kd8 21. Ne4 Qa6 22. Qc3 Ng6 23. Nef6 Nh4 24. Nxf4 exf4 25. Nxd7 Kxd7 26. Qxh8 Re8+ 27. Kf1 Nf3 28. Bf5+ Kd8 29. Kg2 1-0

[Event "Salamanca Unamuno Cup"]
[Site "Salamanca"]
[Date "2021.12.05"]
[Round "4"]
[White "Garcia Garcia, Adrian Antonio"]
[Black "Fidalgo Fernandez, Lucia"]
[Result "0-1"]
[WhiteElo "2251"]
[BlackElo "2030"]
[PlyCount "162"]
[EventDate "2021.12.03"]
[EventType "swiss"]
[EventRounds "9"]
[EventCountry "ESP"]
[SourceTitle "EXT 2023"]
[Source "ChessBase"]
[SourceDate "2022.10.05"]
[SourceVersion "1"]
[SourceVersionDate "2022.10.05"]
[SourceQuality "1"]

1. e4 c5 2. Nf3 d6 3. d4 cxd4 4. Qxd4 Nc6 5. Bb5 Bd7 6. Bxc6 Bxc6 7. Nc3 Nf6 8. Bg5 e6 9. 0-0-0 Be7 10. Rhe1 Qa5 11. Bh4 0-0 12. Nd2 Rfd8 13. f4 b5 14. a3 Qc7 15. f5 e5 16. Qd3 Rab8 17. Bxf6 Bxf6 18. Nd5 Bxd5 19. Qxd5 Bg5 20. Kb1 Rdc8 21. Qd3 a5 22. Nf3 Bh6 23. Re2 Rb6 24. h4 b4 25. a4 f6 26. Qd5+ Kh8 27. Rd3 Rc6 28. Ne1 Rb8 29. g4 Bf4 30. Rg2 Re8 31. g5 Rc4 32. gxf6 gxf6 33. b3 Rc3 34. Rxc3 bxc3 35. Nd3 Bh6 36. Nf2 Qc5 37. Qxc5 dxc5 38. Rg3 Bd2 39. Rd3 Rb8 40. Rd5 c4 41. Rb5 Rc8 42. b4 axb4 43. Rxb4 h5 44. Ka2 Be1 45. Nd1 Bxh4 46. a5 Ra8 47. Ra4 Be1 48. Ne3 h4 49. a6 h3 50. Nf1 Bf2 51. Ra5 Bb6 52. Ra4 Bg1 53. Ka3 h2 54. Nxh2 Bxh2 55. Kb4 Bg1 56. Kxc4 Rc8+ 57. Kd5 Rc7 58. Kd6 Ra7 59. Ke6 Kg7 60. Ra5 Bd4 61. Ra3 Bc5 62. Ra5 Re7+ 63. Kd5 Bd4 64. Rb5 Kh6 65. Rb7 Re8 66. Rf7 Kg5 67. Kc4 Ra8 68. Kb5 Ra7 69. Rf8 Kf4 70. Rxf6 Kxe4 71. Rf8 Kf4 72. f6 Kf5 73. Ka5 Ke6 74. Kb5 Rf7 75. Rh8 Kxf6 76. Kc4 Rc7+ 77. Kd5 Ra7 78. Ke4 Kg7 79. Rh3 Rxa6 80. Kf5 Rf6+ 81. Ke4 Rf2 0-1

[Event "Salamanca Unamuno Cup"]
[Site "Salamanca"]
[Date "2021.12.04"]
[Round "2"]
[White "Garcia Garcia, Adrian Antonio"]
[Black "Demerson Joly, Javier"]
[Result "1-0"]
[WhiteElo "2251"]
[BlackElo "1933"]
[PlyCount "61"]
[EventDate "2021.12.03"]
[EventType "swiss"]
[EventRounds "9"]
[EventCountry "ESP"]
[SourceTitle "EXT 2023"]
[Source "ChessBase"]
[SourceDate "2022.10.05"]
[SourceVersion "1"]
[SourceVersionDate "2022.10.05"]
[SourceQuality "1"]

1. e4 e5 2. Nf3 Nf6 3. Nxe5 d6 4. Nf3 Nxe4 5. d4 d5 6. Bd3 Be7 7. 0-0 0-0 8. c4 c6 9. Qc2 f5 10. cxd5 cxd5 11. Nc3 Be6 12. Ne5 Nc6 13. Nxc6 bxc6 14. f3 Nxc3 15. bxc3 Qd7 16. Re1 g6 17. Qe2 Kf7 18. Rb1 Rab8 19. Bh6 Rxb1 20. Rxb1 Rc8 21. Ba6 Rc7 22. Rb8 Qd6 23. Rh8 g5 24. f4 g4 25. Bd3 Bc8 26. Bg5 Bf8 27. Rxh7+ Kg8 28. Rxc7 Qxc7 29. Qe8 Qd7 30. Qg6+ Bg7 31. Bh6 1-0

[Event "ESP-chT CECLUB Div2"]
[Site "Linares"]
[Date "2021.08.09"]
[Round "1.1"]
[White "Fier, Alexandr"]
[Black "Garcia Garcia, Adrian Antonio"]
[Result "1-0"]
[WhiteElo "2558"]
[BlackElo "2241"]
[PlyCount "55"]
[EventDate "2021.08.09"]
[EventType "team-swiss"]
[EventRounds "7"]
[EventCountry "ESP"]
[SourceTitle "CBM 203 Extra"]
[Source "ChessBase"]
[SourceDate "2021.09.30"]
[SourceVersion "1"]
[SourceVersionDate "2021.09.30"]
[SourceQuality "1"]
[WhiteTeam "Casablanca Myinvestor"]
[BlackTeam "Promesas de Valladolid"]
[WhiteTeamCountry "ESP"]
[BlackTeamCountry "ESP"]

1. e4 e5 2. Nf3 d6 3. d4 exd4 4. Nxd4 Nf6 5. Nc3 g6 6. Bg5 Bg7 7. f3 a6 8. Qd2 h6 9. Be3 b5 10. 0-0-0 Bd7 11. h4 Nc6 12. Nxc6 Bxc6 13. g4 b4 14. Ne2 a5 15. Nd4 Bd7 16. Bc4 Qe7 17. g5 hxg5 18. Bxg5 Qe5 19. f4 Qc5 20. Qd3 Ng4 21. e5 0-0 22. h5 Nf2 23. Qf3 Qxc4 24. h6 Bxe5 25. h7+ Kh8 26. fxe5 f5 27. Bf6+ Rxf6 28. Qxa8+ 1-0

[Event "Alicante Universitario-ch"]
[Site "Alicante"]
[Date "2019.04.09"]
[Round "4.7"]
[White "Taboas Rodriguez, Daniel"]
[Black "Garcia Garcia, Adrian Antonio"]
[Result "1-0"]
[WhiteElo "2423"]
[BlackElo "2189"]
[PlyCount "145"]
[EventDate "2019.04.09"]
[EventType "swiss"]
[EventRounds "9"]
[EventCountry "ESP"]
[SourceTitle "CBM 190 Extra"]
[Source "ChessBase"]
[SourceDate "2019.07.15"]
[SourceVersion "1"]
[SourceVersionDate "2019.07.15"]
[SourceQuality "1"]

1. d4 e6 2. c4 f5 3. g3 Nf6 4. Bg2 c6 5. Nh3 d5 6. 0-0 Bd6 7. Bf4 0-0 8. Nd2 Re8 9. Rc1 Bxf4 10. Nxf4 Nbd7 11. Nf3 Ne4 12. Nd3 Qe7 13. Nfe5 Nxe5 14. Nxe5 Nd6 15. f4 Nf7 16. Nd3 Bd7 17. Qb3 Rab8 18. Qb4 Nd6 19. Ne5 Nxc4 20. Qxe7 Rxe7 21. Nxc4 dxc4 22. Rxc4 Be8 23. Rfc1 Rd8 24. e3 h6 25. Kf2 Bf7 26. Rc5 g5 27. Bf3 Kg7 28. b4 a6 29. a4 Ra8 30. Be2 Be8 31. Ra5 Rb8 32. Re5 Kf6 33. Bd3 Rd8 34. Bc4 Rc8 35. Bb3 Rd8 36. h3 gxf4 37. gxf4 Bf7 38. Bc4 Rc7 39. Be2 Rd5 40. b5 axb5 41. axb5 Be8 42. b6 Rc8 43. Ra1 Rb8 44. Ra7 Ke7 45. Ba6 Rd7 46. Bc4 Bf7 47. Rc5 Kd6 48. Be2 Ke7 49. Bf3 Be8 50. Rc1 Bf7 51. Rg1 Rd6 52. Rga1 Be8 53. Kg3 Kf6 54. Kh4 Rd7 55. Be2 Bf7 56. Bc4 Ke7 57. Ra8 Rdd8 58. R8a2 Rd7 59. Rg1 Rc8 60. Ra5 Kf6 61. Be2 Bg6 62. Bf3 Rg7 63. Ra7 Rb8 64. Rg2 Be8 65. Rga2 Rd7 66. Rg2 Rg7 67. Rxg7 Kxg7 68. Ra1 Kf6 69. Rg1 Bf7 70. Bh5 Rg8 71. Rxg8 Bxg8 72. Be8 Ke7 73. Bxc6 1-0

[Event "ESP-ch 83rd"]
[Site "Linares"]
[Date "2018.08.25"]
[Round "6"]
[White "Garcia Garcia, Adrian Antonio"]
[Black "Alvarez Morales, Miguel"]
[Result "1/2-1/2"]
[WhiteElo "2179"]
[BlackElo "1955"]
[PlyCount "78"]
[EventDate "2018.08.20"]
[EventType "swiss"]
[EventRounds "9"]
[EventCountry "ESP"]
[SourceTitle "CBM 186 Extra"]
[Source "ChessBase"]
[SourceDate "2018.08.24"]
[SourceVersion "1"]
[SourceVersionDate "2018.08.24"]
[SourceQuality "1"]

1. e4 Nf6 2. e5 Nd5 3. Nf3 d6 4. exd6 exd6 5. d4 Nc6 6. c4 Nb6 7. h3 Be7 8. Bd3 0-0 9. 0-0 Bf6 10. Nc3 Nb4 11. Bb1 c5 12. d5 g6 13. a3 Na6 14. Bd3 Bg7 15. Bf4 Re8 16. Qd2 Nc7 17. Rae1 Rxe1 18. Rxe1 Ne8 19. Nb5 a6 20. Qe2 Bf5 21. Qxe8+ Qxe8 22. Rxe8+ Rxe8 23. Nxd6 Bxd3 24. Nxe8 Bxc4 25. d6 Bxb2 26. Be5 Bxe5 27. Nxe5 Bb5 28. d7 Nxd7 29. Nxd7 f5 30. g4 fxg4 31. hxg4 c4 32. Kf1 h5 33. g5 Kf7 34. Nd6+ Ke6 35. Nxb5 Kxd7 36. Nd4 Kd6 37. f4 b5 38. Ke2 h4 39. Kf3 h3 1/2-1/2

[Event "ESP-ch 83rd"]
[Site "Linares"]
[Date "2018.08.23"]
[Round "4"]
[White "Garcia Garcia, Adrian Antonio"]
[Black "Cruz Lledo, Pablo"]
[Result "0-1"]
[WhiteElo "2179"]
[BlackElo "2432"]
[PlyCount "56"]
[EventDate "2018.08.20"]
[EventType "swiss"]
[EventRounds "9"]
[EventCountry "ESP"]
[SourceTitle "CBM 186 Extra"]
[Source "ChessBase"]
[SourceDate "2018.08.24"]
[SourceVersion "1"]
[SourceVersionDate "2018.08.24"]
[SourceQuality "1"]

1. e4 c6 2. d4 d5 3. exd5 cxd5 4. c4 Nf6 5. Nc3 g6 6. Nf3 Bg7 7. Bg5 Ne4 8. Be3 Nxc3 9. bxc3 0-0 10. Qd2 Nc6 11. Bh6 Bg4 12. Bxg7 Kxg7 13. c5 Bxf3 14. gxf3 e5 15. Bb5 Qf6 16. Bxc6 bxc6 17. 0-0 Qxf3 18. Rfe1 Qg4+ 19. Kh1 e4 20. Re3 Rab8 21. Rg1 Qf5 22. Qe2 Rb7 23. f3 exf3 24. Rxf3 Rb2 25. Qe3 Re8 26. Rxf5 Rxe3 27. c4 Rh3 28. Rg4 h5 0-1

[Event "ESP-ch 83rd"]
[Site "Linares"]
[Date "2018.08.22"]
[Round "3"]
[White "Garcia Garcia, Adrian Antonio"]
[Black "Espinosa Aranda, Angel"]
[Result "1/2-1/2"]
[WhiteElo "2179"]
[BlackElo "2451"]
[PlyCount "125"]
[EventDate "2018.08.20"]
[EventType "swiss"]
[EventRounds "9"]
[EventCountry "ESP"]
[SourceTitle "CBM 186 Extra"]
[Source "ChessBase"]
[SourceDate "2018.08.24"]
[SourceVersion "1"]
[SourceVersionDate "2018.08.24"]
[SourceQuality "1"]

1. e4 c5 2. Nc3 a6 3. a4 Nc6 4. g3 g6 5. Bg2 Bg7 6. f4 d6 7. Nf3 e5 8. d3 Nge7 9. 0-0 0-0 10. Be3 Nd4 11. Qd2 Bg4 12. fxe5 dxe5 13. Rf2 b5 14. axb5 axb5 15. Rxa8 Qxa8 16. Bxd4 cxd4 17. Nxb5 Qa1+ 18. Ne1 Qxb2 19. Qg5 Bc8 20. c4 Qb4 21. Nc2 Qc5 22. Qd2 Bd7 23. Qb4 Qxb4 24. Nxb4 Ra8 25. Ra2 Rxa2 26. Nxa2 Nc6 27. Nc7 Bf8 28. Nd5 Kg7 29. Bf3 Ba3 30. Bd1 Nd8 31. Nb6 Be6 32. Kf2 Nb7 33. Ke1 Nc5 34. Kd2 f5 35. exf5 gxf5 36. Na4 Nd7 37. Nc1 Bb4+ 38. Kc2 Kf6 39. Bf3 e4 40. Bg2 Ne5 41. dxe4 Bxc4 42. Nb2 Bf7 43. Ncd3 Bc3 44. Nxe5 Kxe5 45. Nd3+ Kf6 46. exf5 Kxf5 47. Bf3 Be8 48. Nf4 Ke5 49. Nd3+ Kd6 50. Nf4 Kc5 51. Nd3+ Kb5 52. Be4 h6 53. Ne5 Kc5 54. Ng4 h5 55. Nf6 Bf7 56. Bf3 Bg6+ 57. Be4 Bf7 58. Bf3 Kc4 59. Be4 Bb4 60. Bd3+ Kc5 61. Be2 Bg6+ 62. Bd3 Bf7 63. Be2 1/2-1/2

[Event "ESP-ch rapid"]
[Site "Linares"]
[Date "2018.08.19"]
[Round "5"]
[White "Garcia Garcia, Adrian Antonio"]
[Black "Arroyo Rodriguez, Jesus"]
[Result "1-0"]
[WhiteElo "2179"]
[BlackElo "2099"]
[PlyCount "55"]
[EventDate "2018.08.19"]
[EventType "swiss (rapid)"]
[EventRounds "9"]
[EventCountry "ESP"]
[SourceTitle "CBM 186 Extra"]
[Source "ChessBase"]
[SourceDate "2018.08.24"]
[SourceVersion "1"]
[SourceVersionDate "2018.08.24"]
[SourceQuality "1"]

1. e4 c5 2. Nc3 a6 3. g3 b5 4. Bg2 Bb7 5. f4 e6 6. d3 d5 7. e5 Ne7 8. Nf3 Nf5 9. 0-0 h5 10. Ne2 d4 11. Ng5 Qc7 12. c3 Nd7 13. Bd2 Nb6 14. cxd4 cxd4 15. Rc1 Qd7 16. Qb3 Nd5 17. Rfe1 Nde3 18. Bxe3 Bxg2 19. Bxd4 Bd5 20. Qc3 Nxd4 21. Qxd4 Qb7 22. Ne4 Rd8 23. Qe3 h4 24. g4 h3 25. N2c3 Bb4 26. Re2 Rc8 27. Nxd5 Qxd5 28. Rxc8+ 1-0

[Event "ESP-ch rapid"]
[Site "Linares"]
[Date "2018.08.19"]
[Round "7"]
[White "Garcia Garcia, Adrian Antonio"]
[Black "Ljubojevic, Ljubomir"]
[Result "0-1"]
[WhiteElo "2179"]
[BlackElo "2571"]
[PlyCount "96"]
[EventDate "2018.08.19"]
[EventType "swiss (rapid)"]
[EventRounds "9"]
[EventCountry "ESP"]
[SourceTitle "CBM 186 Extra"]
[Source "ChessBase"]
[SourceDate "2018.08.24"]
[SourceVersion "1"]
[SourceVersionDate "2018.08.24"]
[SourceQuality "1"]

1. e4 c5 2. Nc3 Nc6 3. g3 g6 4. Bg2 Bg7 5. f4 d6 6. Nf3 e6 7. 0-0 Nge7 8. d3 Rb8 9. g4 h5 10. g5 b5 11. h4 b4 12. Ne2 e5 13. fxe5 Nxe5 14. Nxe5 Bxe5 15. Nf4 Bg4 16. Bf3 Qd7 17. Qe2 Nc6 18. Qf2 Bd4 19. Be3 Bxb2 20. Nd5 Bxf3 21. Qxf3 Bxa1 22. Rxa1 Qg4+ 23. Kf2 Qxf3+ 24. Kxf3 Kd7 25. Rf1 a5 26. Ke2 Rhf8 27. Nf6+ Ke6 28. Nd5 a4 29. Rf6+ Kd7 30. Kd2 Nd8 31. e5 Ne6 32. exd6 Kxd6 33. Nf4 Rbe8 34. c4 bxc3+ 35. Kxc3 Kd7 36. Nd5 Rb8 37. Kc4 Rb2 38. Kc3 Rxa2 39. Nb6+ Kc6 40. Nc4 Rb8 41. Na5+ Kb5 42. Nc4 Ka6 43. Ne5 Re2 44. Nd7 Rb3+ 45. Kc4 Rc2+ 46. Kd5 Rxd3+ 47. Kc6 Rxe3 48. Nb8+ Ka5 0-1

[Event "ESP-chT CECLUB Div2"]
[Site "Linares"]
[Date "2018.08.18"]
[Round "7.6"]
[White "Galindo Rodriguez, Francisco"]
[Black "Garcia Garcia, Adrian Antonio"]
[Result "1/2-1/2"]
[WhiteElo "2222"]
[BlackElo "2179"]
[PlyCount "105"]
[EventDate "2018.08.14"]
[EventType "team-swiss"]
[EventRounds "7"]
[EventCountry "ESP"]
[SourceTitle "CBM 186 Extra"]
[Source "ChessBase"]
[SourceDate "2018.08.24"]
[SourceVersion "1"]
[SourceVersionDate "2018.08.24"]
[SourceQuality "1"]
[WhiteTeam "Reverte Minerals"]
[BlackTeam "Promesas de Valladolid"]
[WhiteTeamCountry "ESP"]
[BlackTeamCountry "ESP"]

1. e4 e5 2. Nf3 d6 3. d4 exd4 4. Nxd4 a6 5. c4 g6 6. Be3 Bg7 7. Qd2 Ne7 8. Nc3 Nbc6 9. Be2 0-0 10. 0-0 Re8 11. Rad1 f5 12. Nxc6 Nxc6 13. Bg5 Qd7 14. c5 fxe4 15. Bc4+ Kh8 16. cxd6 Ne5 17. Be2 Qxd6 18. Qxd6 cxd6 19. Nxe4 Nf7 20. Nxd6 Rxe2 21. Nxf7+ Kg8 22. Nh6+ Bxh6 23. Bxh6 Bf5 24. Rd2 Rae8 25. f3 Kf7 26. Rc1 Rxd2 27. Bxd2 Rc8 28. Bc3 h5 29. Kf2 Re8 30. Rd1 Rc8 31. a3 Ke6 32. Rd4 Rf8 33. Ke3 Rf7 34. Rb4 Kd5 35. h4 Bc2 36. Rd4+ Ke6 37. Rd8 Ke7 38. Rg8 Kd6 39. g4 hxg4 40. fxg4 Rh7 41. Bf6 Ke6 42. Bg5 Rd7 43. Rf8 Rd3+ 44. Kf2 Rd7 45. Rf6+ Ke5 46. Rb6 Be4 47. h5 gxh5 48. gxh5 Rf7+ 49. Kg3 Rf1 50. Bd2 Kf5 51. Bc3 Rf3+ 52. Kh4 Bc6 53. Rb4 1/2-1/2

[Event "Coimbra Queima das Fitas op"]
[Site "Coimbra"]
[Date "2016.04.24"]
[Round "5"]
[White "Garcia Garcia, Adrian Antonio"]
[Black "Silva Lucena, Cristian"]
[Result "1/2-1/2"]
[WhiteElo "2158"]
[BlackElo "2232"]
[PlyCount "63"]
[EventDate "2016.04.22"]
[EventType "swiss"]
[EventRounds "7"]
[EventCountry "POR"]
[SourceTitle "CBM 172 Extra"]
[Source "ChessBase"]
[SourceDate "2016.06.21"]
[SourceVersion "1"]
[SourceVersionDate "2016.06.21"]
[SourceQuality "1"]

1. e4 c5 2. Nc3 a6 3. f4 b5 4. Nf3 Bb7 5. d3 e6 6. e5 d5 7. exd6 Bxd6 8. g3 Nf6 9. Qe2 0-0 10. Bg2 Nbd7 11. Ne4 Be7 12. 0-0 Qc7 13. Nf2 Nb6 14. g4 Bd6 15. g5 Nfd7 16. Nh3 Nd5 17. Nh4 Ne7 18. Bxb7 Qxb7 19. Qg4 Qd5 20. Be3 Nf5 21. Nxf5 exf5 22. Qg2 Nb6 23. Rfe1 Qxg2+ 24. Kxg2 Nd5 25. Kf3 Rac8 26. c3 Rfe8 27. Rad1 Kf8 28. Bc1 Rxe1 29. Rxe1 Bb8 30. Nf2 Rc6 31. h4 h5 32. Be3 1/2-1/2

[Event "Coimbra Queima das Fitas op"]
[Site "Coimbra"]
[Date "2016.04.23"]
[Round "2"]
[White "Garcia Garcia, Adrian Antonio"]
[Black "Kofalvi, Attila"]
[Result "0-1"]
[WhiteElo "2158"]
[BlackElo "1855"]
[PlyCount "80"]
[EventDate "2016.04.22"]
[EventType "swiss"]
[EventRounds "7"]
[EventCountry "POR"]
[SourceTitle "CBM 172 Extra"]
[Source "ChessBase"]
[SourceDate "2016.06.21"]
[SourceVersion "1"]
[SourceVersionDate "2016.06.21"]
[SourceQuality "1"]

1. e4 d5 2. exd5 Nf6 3. d4 Nxd5 4. c4 Nb4 5. Qa4+ N8c6 6. d5 b5 7. Qd1 Bf5 8. Na3 Ne5 9. Nf3 Nbd3+ 10. Bxd3 Nxd3+ 11. Kf1 bxc4 12. Qa4+ Qd7 13. Qxc4 Rc8 14. Be3 e6 15. dxe6 Bxe6 16. Qc3 Nxb2 17. Bd4 Na4 18. Qe3 c5 19. Be5 f6 20. Bf4 Be7 21. Ke2 Qc6 22. Rhc1 Qa6+ 23. Ke1 Kf7 24. Nd2 c4 25. Nab1 Bb4 26. a3 Ba5 27. Kf1 c3+ 28. Kg1 cxd2 29. Nxd2 Rhd8 30. Ne4 Rxc1+ 31. Rxc1 Bb6 32. Qf3 Bd5 33. Qh5+ Kg8 34. Ng3 Bf7 35. Qg4 Nc5 36. Nf5 Bg6 37. Nd6 Nd3 38. Rc8 Nxf4 39. Rxd8+ Bxd8 40. Qxf4 Bc7 0-1

[Event "ESP-chT CECLUB Div2"]
[Site "Linares"]
[Date "2014.08.22"]
[Round "6.7"]
[White "Garcia Garcia, Adrian Antonio"]
[Black "Sanchez Dengra, Jose Maria"]
[Result "1-0"]
[WhiteElo "2063"]
[BlackElo "2134"]
[PlyCount "55"]
[EventDate "2014.08.18"]
[EventType "team-swiss"]
[EventRounds "6"]
[EventCountry "ESP"]
[SourceTitle "CBM 162 Extra"]
[Source "ChessBase"]
[SourceDate "2014.10.17"]
[SourceVersion "1"]
[SourceVersionDate "2014.10.17"]
[SourceQuality "1"]
[WhiteTeam "Promesas de Valladolid"]
[BlackTeam "Figueras Pacheco"]
[WhiteTeamCountry "ESP"]
[BlackTeamCountry "ESP"]

1. e4 c5 2. Nc3 Nc6 3. f4 g6 4. Nf3 Bg7 5. g3 d6 6. Bg2 Nf6 7. 0-0 0-0 8. d3 Bg4 9. h3 Bxf3 10. Bxf3 Nd4 11. Ne2 Nxf3+ 12. Rxf3 b5 13. g4 Qc7 14. Ng3 Rab8 15. g5 Nd7 16. h4 Rfc8 17. c3 c4 18. d4 b4 19. h5 bxc3 20. bxc3 Rb5 21. f5 Qb6 22. Rf1 Rb1 23. Rxb1 Qxb1 24. fxg6 hxg6 25. Qg4 Rd8 26. hxg6 fxg6 27. Qe6+ Kh7 28. Bf4 1-0

[Event "Benidorm op U2300 12th"]
[Site "Benidorm"]
[Date "2013.12.06"]
[Round "9"]
[White "Garcia Garcia, Adrian Antonio"]
[Black "Remolar Gallen, Jose"]
[Result "1/2-1/2"]
[WhiteElo "2050"]
[BlackElo "2213"]
[PlyCount "81"]
[EventDate "2013.11.29"]
[EventType "swiss"]
[EventRounds "10"]
[EventCountry "ESP"]
[SourceTitle "CBM 157 Extra"]
[Source "ChessBase"]
[SourceDate "2013.12.19"]
[SourceVersion "1"]
[SourceVersionDate "2013.12.19"]
[SourceQuality "1"]

1. e4 c6 2. d4 d5 3. exd5 cxd5 4. c4 Nf6 5. Nc3 Nc6 6. cxd5 Nxd5 7. Bb5 e6 8. Nf3 Qb6 9. Bxc6+ bxc6 10. 0-0 Be7 11. Ne4 h6 12. Kh1 0-0 13. Ne5 Nf6 14. Nxf6+ Bxf6 15. Qg4 Rd8 16. Be3 Qc7 17. Rfe1 Kf8 18. Qe4 Bb7 19. Rac1 Rd5 20. Ng4 Rf5 21. Nxf6 Rxf6 22. Rc5 Kg8 23. Rec1 Rd8 24. f3 Qd7 25. Kg1 Rf5 26. Bf2 Rd5 27. h3 Ba8 28. b4 Qb7 29. a3 Qa6 30. R1c3 Bb7 31. Kh2 Qf1 32. Rc2 Ba6 33. Qh4 Bb5 34. Rxd5 Rxd5 35. Rc5 Rd7 36. Qg3 Kh7 37. Qh4 f5 38. Be3 Qd3 39. Qe1 Qxa3 40. Bxh6 Qa2 41. Be3 1/2-1/2

[Event "ESP-ch 77th"]
[Site "San Agustin"]
[Date "2012.10.06"]
[Round "8"]
[White "Vega Gutierrez, Belinda Vidina"]
[Black "Garcia Garcia, Adrian Antonio"]
[Result "1-0"]
[WhiteElo "2206"]
[BlackElo "1978"]
[PlyCount "61"]
[EventDate "2012.09.29"]
[EventType "swiss"]
[EventRounds "9"]
[EventCountry "ESP"]
[SourceTitle "EXT 2014"]
[Source "ChessBase"]
[SourceDate "2013.11.20"]
[SourceVersion "1"]
[SourceVersionDate "2013.11.20"]
[SourceQuality "1"]

1. e4 e5 2. Nf3 d6 3. d4 exd4 4. Nxd4 Nf6 5. Nc3 a6 6. a4 Nc6 7. Bc4 g6 8. 0-0 Bg7 9. h3 0-0 10. Nf3 Re8 11. Re1 Be6 12. Nd5 Rb8 13. a5 Bxd5 14. exd5 Ne5 15. Nxe5 Rxe5 16. Rxe5 dxe5 17. Be3 Qd6 18. Qd2 Rd8 19. Rd1 Nd7 20. b4 Kh8 21. Bf1 Bf8 22. Rb1 c6 23. dxc6 Qxc6 24. b5 Qc8 25. Qd5 Bc5 26. Rd1 Bxe3 27. fxe3 Kg7 28. bxa6 bxa6 29. c4 Kf8 30. c5 Ke8 31. Bc4 1-0